• 首页
  • 本馆介绍
  • 公告通知
  • 最新文献
  • 馆藏检索
  • 电子资源
  • 读者导购
  • 参考咨询
  • 我的图书馆
  • 登录
  • 详细信息显示
  • 放入我的书架
  • 预约/预借图书
  • 作者相关作品
  • 分类相关作品
  • 丛书相关作品
  • 出版社相关作品

书目信息

  • 表格格式
  • 工作单格式
  • 卡片格式
题名:
中国现代文学作品选
    
 
作者: ;安徽大学中文系现代文学教研室 编
分册:   多幕剧选
出版信息: 合肥   安徽大学出版社  1984.7
页数: 830页
开本: 20cm
丛书名:
单 册:
中图分类: I230.6
科图分类:
主题词: 戏剧文学--剧本--中国--作品综合集
电子资源:
ISBN:
000 00706nam0 2200205 45
001 0312221749
005 20051117090918.54
010    @dCNY3.26
100    @a20031222d1984 km y0chiy0120 ea
101    @achi
200 1  @a中国现代文学作品选@AZhong Guo Xian Dai Wen Xue Zuo Pin Xuan@i多幕剧选@e1921-1949@f安徽大学中文系现代文学教研室编@FAn Hui Da Xue Zhong Wen Xi Xian Dai Wen Xue Jiao Yan Shi Bian
210    @a合肥@c安徽大学出版社@d1984.7
215    @a830页@d20cm
517    @a多幕剧选@ADuo Mu Ju Xuan
517    @a1921-1949
606 0  @a戏剧文学@x剧本@x中国@x作品综合集
690    @aI230.6@v3
711 02 @a安徽大学中文系现代文学教研室@4编
801    @aCN@bTSTCL@c20051117
905    @dI230.6@e76@b121581@f1
    
    中国现代文学作品选.多幕剧选:1921-1949/安徽大学中文系现代文学教研室编.-合肥:安徽大学出版社,1984.7
    830页;20cm
    
    
    ISBN :CNY3.26
    
●
相关链接 在E读中查询图书 在五车中查询图书 在当当中查询图书 在豆瓣中查询图书


正题名:中国现代文学作品选     索取号:I230.6/76         预约/预借

序号 登录号 条形码 馆藏地/架位号 状态 备注
1 0121577   000766781   密集书库/ [索取号:I230.6/76] 在馆    
2 0121578   001754088   密集书库/ [索取号:I230.6/76] 在馆    
3 0121579   000766852   密集书库/ [索取号:I230.6/76] 在馆    
4 0121580   001440863   密集书库/ [索取号:I230.6/76] 在馆    
5 0121581   002011290   密集书库/ [索取号:I230.6/76] 在馆    
6 0148773   000766727   密集书库/ [索取号:I230.6/76] 在馆    
7 0148774   001467380   密集书库/ [索取号:I230.6/76] 在馆    
8 0148775   000779606   密集书库/ [索取号:I230.6/76] 在馆    
9 0148777   000766745   密集书库/ [索取号:I230.6/76] 在馆    
10 0148778   000766816   密集书库/ [索取号:I230.6/76] 在馆    
11 0148779   000766772   密集书库/ [索取号:I230.6/76] 在馆    
12 0148780   000766754   密集书库/ [索取号:I230.6/76] 在馆    
13 0148783   000766790   第二借阅区/ [索取号:I230.6/76] 在馆    
14 0148785   000766763   密集书库/ [索取号:I230.6/76] 在馆    
15 0148786   000766825   密集书库/ [索取号:I230.6/76] 在馆    
16 0148787   000766834   密集书库/ [索取号:I230.6/76] 在馆    
17 0148789   000766843   密集书库/ [索取号:I230.6/76] 在馆    
18 0148790   000766807   密集书库/ [索取号:I230.6/76] 在馆    
19 0148791   202082539   第一样本阅览室/ [索取号:I230.6/76] 在馆    
唐山师范学院图书馆 欢迎您!
大连网信软件有限公司© 版权所有